| 000 | 00857cam a2200277 a 4500 | ||
|---|---|---|---|
| 001 | 000003635 | ||
| 005 | 20200929150518.0 | ||
| 008 | 950217s1998 sp 000 f spa d | ||
| 020 | _a8408023438 | ||
| 040 |
_aDO-SdBNP _cDLC _dOCoLC _dDLC |
||
| 041 | 1 | 7 |
_aspa _heng _2Código de idioma MARC |
| 082 |
_a813.54 _bG696d, 1998 |
||
| 100 | 1 |
_aGould, Judith, _d1945- _911157 |
|
| 240 | 1 | 0 |
_aToo damn rich. _lEspañol. |
| 245 | 1 | 0 |
_aDemaciado dinero / _cJudith Gould ; traducción de Josefina Guerrero. |
| 250 | _a2a ed. | ||
| 260 |
_aBarcelona : _bPlaneta, _c1998. |
||
| 300 |
_a526 p. ; _c24 cm. |
||
| 534 |
_aTítulo original: _tToo damn rich. |
||
| 650 | 4 |
_aNovela estadounidense _9262 |
|
| 650 | 4 |
_aLiteratura estadounidense _9263 |
|
| 700 | 1 |
_aGuerrero, Josefina, _etr. _911160 |
|
| 910 | _aCatalogación por copia / LC | ||
| 910 | _aWM | ||
| 049 | _aBNGR | ||
| 999 |
_c3458 _d3458 |
||